| 000 | 01156naa a22003257a 4500 | ||
|---|---|---|---|
| 001 | BR7405338 | ||
| 003 | BR-BrBNA | ||
| 005 | 20240918173611.0 | ||
| 007 | ta | ||
| 008 | 230509b bl.||||| |||| 00| 0 por d | ||
| 040 |
_aBR-BrBNA _bpor _cBiblioteca Nacional de Agricultura |
||
| 041 | _a(Pt) | ||
| 072 |
_aE10 _b0430 _b4650 _b8929 _bG514 |
||
| 090 | _aE10 BR7405338 | ||
| 100 | 1 | _aPires, S.R. | |
| 111 | 1 |
_a1. Congresso Estadual de Algodao _cMontes Claros, MG (Brazil) _d30 Jun 1957 |
|
| 245 | 1 | _aPrioridade de renovacao da maquinaria textil em fiacao e tecelagem do interior [Brasil] | |
| 260 | 3 |
_aBelo Horizonte, MG (Brasil): _c1959. |
|
| 500 | _aAnais do 1. Congresso Estadual de Algodao Belo Horizonte, MG (Brasil): 1959. p. 100-102 (BR7405338-AM)E10 | ||
| 650 | _aMacroeconomia | ||
| 650 | _aAlgodao | ||
| 650 | _aMaquina Agricola | ||
| 650 | _aTecelagem | ||
| 650 | _aFiacao | ||
| 650 | _aDesenvolvimento industrial | ||
| 650 | _aIndustrializacao | ||
| 773 | 0 |
_tAnais do 1. Congresso Estadual de Algodao _wE10 BR7405338 _gBelo Horizonte, MG (Brasil), 1959. p. 100-102 |
|
| 909 |
_a202404 _bLucia _c55 _dLucia Elande |
||
| 942 |
_cAM _2AGRIS |
||
| 999 |
_c305675 _d305675 |
||